Regions in Europe - Sudden Death - Statistics

General Stats
  • This quiz has been taken 73 times
    65 since last reset
  • The average score is 7 of 16
Answers on the Grid
Answers color-coded by a green-red scale on the quiz's grid according to % correct below.
Anatolia
Appalachia
Arabia
Australasia
Austrasia
Caledonia
Bactria
Cilicia
Cossackia
Curonia
Dacia
Dalmatia
Iberia
Ingria
Karelia
Lusatia
Lusitania
Lodomeria
Melanesia
Mesopotamia
Micronesia
Nova Scotia
Patagonia
Persia
Phoenicia
Polynesia
Ruthenia
Scandinavia
Siberia
Transylvania
Virginia
Volhynia
 
Answer Stats
Answer % Correct
Spain, Portugal etc. Iberia
83%
Norway, Sweden etc. Scandinavia
77%
Romania Transylvania
77%
Croatia, Montenegro Dalmatia
66%
Scotland Caledonia
57%
Romania, Moldova etc. Dacia
55%
Northwestern Russia Karelia
47%
Ukraine, Russia etc. Ruthenia
43%
Portugal, Spain Lusitania
40%
Poland, Ukraine etc. Volhynia
32%
Russia, Ukraine Cossackia
26%
Latvia Curonia
21%
Northwestern Russia Ingria
21%
Germany, Poland Lusatia
21%
Poland, Ukraine etc. Lodomeria
19%
France, Germany etc. Austrasia
17%
No matching quizzes found
Score Distribution
Percent of People with Each Score
Percentile by Number Answered
Your Score History
You have not taken this quiz since the last reset